004700000a2200157000450024500630000065000210006365000360008465000390012065000150015904100130017470000240018770000210021170000270023210000210025977300320028010aEffectiveness of parks in protecting tropical biodiversity14aAreas protegidas14aConservación de biodiversidad14aEvaluación de áreas protegidas14aTrópicos0 aInglés1 aGullison, Rymond E.1 aRice, Richard E,1 ada Fonseca, Gustavo A.1 aBruner, Aaron G.1 tScienceq125-128d2001g291